000 00313nam a22001337a 4500
008 170605b xxu||||| |||| 00| 0 eng d
020 _a2900547005361
041 _aeng
080 _a94(5)
100 _a18
101 _aSHH
245 _a,ODERN EAST ASIA AND POLITICLA HISTORY
_cEBREY.P
942 _2udc
_cBK
999 _c15987
_d15987